LEADER 01057cam0 2200253 450 001 E600200035056 005 20211018114638.0 100 $a20080228d1995 |||||ita|0103 ba 101 $aita 102 $aIT 200 1 $aLiti private e soluzioni legali. Note sul libro di Th. Kuhen e sui sistemi di composizione dei conflitti nella società tardomedievale$fMassimo Vallerani 210 $as.l.$cs.e.$d[1995] 215 $ap.546-557$d21 cm. 300 $aEstr. da : Quaderni Storici, 89/a.XXX, n.2, agosto 1995 700 1$aVallerani$b, Massimo$3A600200044022$4070$0505319 801 0$aIT$bUNISOB$c20211018$gRICA 850 $aUNISOB 852 $aUNISOB$j340|Opusc$m135996 912 $aE600200035056 940 $aM 102 Monografia moderna SBN 941 $aM 957 $a340|Opusc$b000080$gSi$d135996$rdono$1catenacci$2UNISOB$3UNISOB$420080228104214.0$520211018114628.0$6Spinosa 996 $aLiti private e soluzioni legali. Note sul libro di Th. Kuhen e sui sistemi di composizione dei conflitti nella società tardomedievale$91683285 997 $aUNISOB LEADER 02968nam0 22006013i 450 001 VAN00263364 005 20260408034759.953 017 70$2N$a9783642690402 100 $a20230918d1984 |0itac50 ba 101 $aeng 102 $aDE 105 $a|||| ||||| 181 $ai$b e 182 $ab 183 $acr 200 1 $aLearning higher mathematics$ept. 1. : the method of coordinates, pt. 2. : analysis of the infinitely small$fLev S. Pontrjagin$gtranslated from the Russian by Edwin Hewitt 210 $aBerlin$cSpringer$d1984 215 $aVIII, 304 p.$cill.$d24 cm 300 $aOriginariamente pubblicata in lingua russa in 2 volumi 410 1$1001VAN00052673$12001 $aSpringer series in Soviet mathematics$1210 $aBerlin$cSpringer 500 1$3VAN00116423$aMetod koordinat analiz beskonechno malykh$91521551 606 $a26-XX$xReal functions [MSC 2020]$3VANC019778$2MF 606 $a26A03$xFoundations: limits and generalizations, elementary topology of the line [MSC 2020]$3VANC020031$2MF 606 $a26C10$xReal polynomials: location of zeros [MSC 2020]$3VANC023638$2MF 606 $a28-XX$xMeasure and integration [MSC 2020]$3VANC019878$2MF 606 $a30-XX$xFunctions of a complex variable [MSC 2020]$3VANC020785$2MF 606 $a30C15$xZeros of polynomials, rational functions, and other analytic functions of one complex variable (e.g., zeros of functions with bounded Dirichlet integral [MSC 2020]$3VANC021625$2MF 606 $a40-XX$xSequences, series, summability [MSC 2020]$3VANC020786$2MF 606 $a51M05$xEuclidean geometries (general) and generalizations [MSC 2020]$3VANC023698$2MF 606 $a51N20$xEuclidean analytic geometry [MSC 2020]$3VANC023720$2MF 610 $aAnalysis$9KW:K 610 $aAnalytical geometry$9KW:K 610 $aCalculus$9KW:K 610 $aDerivatives$9KW:K 610 $aLearning$9KW:K 610 $aLimit of a function$9KW:K 610 $aMathematics$9KW:K 610 $aTaylor series$9KW:K 620 $dBerlin$3VANL000066 700 1$aPontrjagin$bLev S.$3VANV042247$0464371 702 1$aHewitt$bEdwin$3VANV024771$4730 712 $aSpringer $3VANV108073$4650 790 1$aPontrjagin, Lev Semenovic$zPontrjagin, Lev S.$3VANV060998 790 1$aPontrjagin, L. S.$zPontrjagin, Lev S.$3VANV060999 790 1$aPontrjagin, L.S.$zPontrjagin, Lev S.$3VANV262295 801 $aIT$bSOL$c20260410$gRICA 856 4 $uhttps://doi.org/10.1007/978-3-642-69040-2$zE-book ? Accesso al full-text attraverso riconoscimento IP di Ateneo, proxy e/o Shibboleth 899 $aBIBLIOTECA DEL DIPARTIMENTO DI MATEMATICA E FISICA$1IT-CE0120$2VAN08 912 $fN 912 $aVAN00263364 950 $aBIBLIOTECA DEL DIPARTIMENTO DI MATEMATICA E FISICA$d08DLOAD e-book 6626 $e08eMF6626 20230927 996 $aMetod koordinat analiz beskonechno malykh$91521551 997 $aUNICAMPANIA